00393nam a22001097a 450000500170000000800410001702000150005810000170007324501010009026000680019130000240025920260330090612.0260330b |||||||| |||| 00| 0 eng d a9783298569 aIke E. Emeka aFundamental Principles of University Physics: Electromagnetism and Modern Physicsc/Emeka E. Ike aJos, Nigeria;bEnic Education Consultants and Publishers;c2008 ax,472p.ill;c20.5cm